LEADER 00995nam1 2200349 450 001 990003354610203316 005 20100317102114.0 035 $a000335461 035 $aUSA01000335461 035 $a(ALEPH)000335461USA01 035 $a000335461 100 $a20091201d--------km-y0itay50------ba 101 $aita 102 $aIT 105 $a||||||||001yy 200 1 $aPoeti africani anti-apartheid 210 $aMilano$cEdizioni dell'Arco 215 $av.$d21 cm 410 0$12001 454 1$12001 461 1$1001-------$12001 463 \1$1001990003354630203316$12001 $a<<2.:>> Angola, Benin, Burkina Faso, Burundi, Camerun, Repubblica Centroafricana, Sud Africa, Ruanda 676 $a896 801 0$aIT$bsalbc$gISBD 912 $a990003354610203316 951 $a1109$bDBC$c1099 959 $aBK 969 $aDBC 979 $aDBC$b90$c20091201$lUSA01$h1122 979 $aDBC$b90$c20100317$lUSA01$h1021 996 $aPoeti africani anti-apartheid$91124279 997 $aUNISA LEADER 03180nam 2200481 450 001 9910794926403321 005 20230126222729.0 010 $a1-5381-1236-1 035 $a(CKB)4340000000264182 035 $a(MiAaPQ)EBC5343544 035 $a(EXLCZ)994340000000264182 100 $a20180517d2018 uy 0 101 0 $aeng 135 $aurcnu|||||||| 181 $ctxt$2rdacontent 182 $cc$2rdamedia 183 $acr$2rdacarrier 200 12$aA century of change in a Chinese village $ethe crisis of the countryside /$fLin Juren and Xie Yuxi ; edited by Linda Grove ; translated by Linda Grove, Li Dan and Marcella Sigueria Cassiano 210 1$aLanham :$cRowman & Littlefield,$d[2018] 210 4$dİ2018 215 $a1 online resource (319 pages) 320 $aIncludes bibliographical references and index. 327 $aLengshuigou in time and space -- Changes in village politics and village elites -- Lineage and family relationships -- Social structure and social life -- Cultural tradition and folk customs -- Social relationships and network structures -- Economic structure and development -- Transformation and future of the village. 330 $aOver the last half century, China has evolved from a poor rural country to a geopolitical powerhouse. Rapid urbanization has been at the heart of that transformation, and as migrant laborers have left their villages, what has become of the rural communities that were once the center of economic, social, and cultural life? And how do contemporary Chinese scholars understand those changes? These are the questions that this compelling book answers. Lengshuigou village, located near the Shandong provincial capital of Jinan, was first studied by Japanese social scientists in the early 1940s and then again in the 1980s and 1990s. Building on these rich surveys, this book traces changes from the early twentieth century to the present day in family and lineage, social stratification, personal networks, annual and life cycle rituals, village politics, and elite formation. Drawing on their own large-scale survey of contemporary village households, the authors analyze the physical and institutional changes that have altered the community, as well as the shifts in interpersonal relations and attitudes that have upended centuries-old systems of patriarchy and generational order. This important book presents, for the first time in English, analysis by Chinese sociologists on the radical transformation of Chinese rural society. 606 $aRural development$zChina$xHistory 606 $aUrbanization$zChina$xHistory 606 $aSocial change$zChina$xHistory 615 0$aRural development$xHistory. 615 0$aUrbanization$xHistory. 615 0$aSocial change$xHistory. 676 $a307.1/4120951 700 $aJuren$b Lin$01548901 702 $aYuxi$b Xie 702 $aGrove$b Linda$f1944- 702 $aDan$b Li 702 $aCassiano$b Marcella Sigueria 801 0$bMiAaPQ 801 1$bMiAaPQ 801 2$bMiAaPQ 906 $aBOOK 912 $a9910794926403321 996 $aA century of change in a Chinese village$93806308 997 $aUNINA